000 01720nam a2200253Ia 4500
008 260220t1971||||xx |||||||||||||| ||spa||
040 _aPY-SlUNAC
_bspa
_erda
041 _aspa
082 _a940.1
_bG269m
100 _aGaulle, Charles de
_eAutor
245 0 _aMemorias de Esperanza: /
_cpor Charles de Gaulle [Autor]
264 _aMadrid :
_bTaurus,
_c℗1971.
300 _a1 volumen
490 _a
_vvolumen 2
520 _a"Memorias de Esperanza" de Charles de Gaulle es una obra autobiográfica que recoge las reflexiones y vivencias del líder francés durante un periodo crucial de la historia de Francia y Europa. A través de sus páginas, de Gaulle narra su experiencia en la Segunda Guerra Mundial, su papel como líder de la Francia Libre y su visión sobre la reconstrucción del país tras la ocupación nazi. El autor aborda temas como la soberanía nacional, la identidad francesa y la necesidad de una Europa unida que preserve la paz y la democracia. Su estilo reflexivo y directo permite al lector asimilar no solo los acontecimientos históricos, sino también las decisiones políticas que marcaron su carrera. De Gaulle también ofrece una crítica a las dinámicas de poder de la posguerra y propone un modelo de gobernanza que privilegia la responsabilidad y el compromiso con los valores republicanos. Este libro se convierte así en una fuente indispensable para entender el legado del general y su influencia en la política contemporánea.
653 _aBiografía
653 _aHistoria
653 _aPolítica
942 _b2026/02/17
_cBK
999 _c9488
_d9488